000 00533nam a2200193Ia 4500
008 191130s2008##################000#0#eng##
020 _a9780752893792
040 _aACL
_cACL
082 _a351.41 VIN
100 _aVince, Ian
245 _aThe little black book of red tape : tales of red tape and jobsworths
_cIan Vince
260 _aLondon
_bOrion Books Ltd
_c2008
300 _a182 p
650 _aBureaucracy
650 _aGreat Britain
990 _a25dd3423ac10000c20df75ba8c8d6eda
991 _a47754
999 _c56920
_d56920